Arbitration in practice (Record no. 443875)

000 -LEADER
fixed length control field 00332cam a22001337a 4500
008 - FIXED-LENGTH DATA ELEMENTS--GENERAL INFORMATION
fixed length control field 180718b2014 xxu||||| |||| 00| 0 eng d
020 ## - INTERNATIONAL STANDARD BOOK NUMBER
International Standard Book Number 9788184843262
082 ## - DEWEY DECIMAL CLASSIFICATION NUMBER
Classification number R78x54 P79
100 ## - MAIN ENTRY--PERSONAL NAME
Personal name Poonia, R.S.
245 ## - TITLE STATEMENT
Title Arbitration in practice
Statement of responsibility, etc. by R.S. Poonia
260 ## - PUBLICATION, DISTRIBUTION, ETC.
Place of publication, distribution, etc. New Delhi
Name of publisher, distributor, etc. Regal
Date of publication, distribution, etc. 2014
300 ## - PHYSICAL DESCRIPTION
Extent 248p.
650 ## - SUBJECT ADDED ENTRY--TOPICAL TERM
Topical term or geographic name entry element Law
Holdings
Withdrawn status Lost status Damaged status Not for loan Permanent Location Current Location Date acquired Full call number Barcode Date last seen Price effective from Koha item type
        Indian Institute of Public Administration Indian Institute of Public Administration 2014-05-26 R78x54 P79 85750 2018-07-21 2018-07-21 Book

Powered by Koha